| 000 | 00319nam a22001337a 4500 | ||
|---|---|---|---|
| 020 | _qHB. | ||
| 040 | _cFIZZA ISHAQ | ||
| 082 |
_a628.162 _bRUM |
||
| 100 |
_aRIFFAT, RUMANA. _985218 |
||
| 245 |
_aFUNDAMENTAL WAST WATER / _cRUMANA RIFFAT. |
||
| 260 |
_aNEW YORK : _bIWA, _c2013. |
||
| 300 | _a333 P. ; | ||
| 942 |
_2ddc _cBK |
||
| 999 |
_c586904 _d586904 |
||